Normal view
MARC view
Entry Personal Name
001 - CONTROL NUMBER
- control field: 1118837
003 - CONTROL NUMBER IDENTIFIER
- control field: OSt
005 - DATE AND TIME OF LATEST TRANSACTION
- control field: 20260302114447.0
008 - FIXED-LENGTH DATA ELEMENTS
- fixed length control field: 260302|| aca||aabn | a|a d
040 ## - CATALOGING SOURCE
- Original cataloging agency: OSt
- Transcribing agency: OSt
100 ## - HEADING--PERSONAL NAME
- Personal name: Suzi Adams
670 ## - SOURCE DATA FOUND
- Source citation: Work cat.: (OSt)1682635: Suzi Adams, Ricoeur and Castoriadis in Discussion On Human Creation, Historical Novelty, and the Social Imaginary
